| 000 | 00683nam a22001937a 4500 | ||
|---|---|---|---|
| 999 |
_c165425 _d165425 |
||
| 005 | 20190618114238.0 | ||
| 010 | _aUR-10213 | ||
| 020 |
_c300.00 _a9789388356114 |
||
| 035 | _aU-8768 | ||
| 037 | _bDBAD/PUB | ||
| 082 | _a844 | ||
| 100 | _aفيضا ن حيد ر | ||
| 245 |
_aا ظہا ر نظر(مجمو عہ مضا مين) _cفيضا ن حيد ر |
||
| 246 |
_bIzhar-e-Nazar(Collection of Articles) (Urdu) _aby Faizan Haider |
||
| 260 |
_a Delhi _bEducational Publishing House _c2018 ء |
||
| 270 |
_a3191،Vakil Street,Kucha Pandit,Lal Kuan, _bDelhi _e110006 _k23216162 _l00911123211540 |
||
| 300 |
_a200 ص _c22 Cm(Hb) |
||
| 942 |
_2ddc _cUR _h844 _mف ے ض |
||